Family Law I/ (Record no. 179899)

MARC details
000 -LEADER
fixed length control field 00613nam a22001937a 4500
005 - DATE AND TIME OF LATEST TRANSACTION
control field 20210715151303.0
010 ## - LCCN (DPL NO)
LC control number ENG-129560
020 ## - INTERNATIONAL STANDARD BOOK NUMBER
International Standard Book Number 978-81-9529-455-8
Terms of availability 850.00
035 ## - SYSTEM CONTROL NUMBER
System control number EN-113092
037 ## - SOURCE OF ACQUISITION
Source of stock number/acquisition DBAD/PUB
082 ## - DEWEY DECIMAL CLASSIFICATION NUMBER
Classification number 346.42015
100 ## - MAIN ENTRY--PERSONAL NAME
Personal name Poonam Pradhan Saxena
245 ## - TITLE STATEMENT
Title Family Law I/
Statement of responsibility, etc by Poonam Pradhan Saxena
250 ## - EDITION STATEMENT
Edition statement 1st
260 ## - PUBLICATION, DISTRIBUTION, ETC. (IMPRINT)
Place of publication, distribution, etc Gurgaon
Name of publisher, distributor, etc Lexis Nexis Publishers
Date of publication, distribution, etc 2021
270 ## - ADDRESS
Address 14th floor, Building no. 10, Tower- B, DLF Cyber City, Phase II
City Haryana
Postal code 122002
Electronic mail address help.in@lexisnexis.com
300 ## - PHYSICAL DESCRIPTION
Extent 537p
Dimensions 24cm(PB)
942 ## - ADDED ENTRY ELEMENTS (KOHA)
Source of classification or shelving scheme Dewey Decimal Classification
Item type English Books
Classification part 346.42015
Call number suffix SAX
Holdings
Withdrawn status Lost status Not for loan Collection code Home library Current library Date acquired Source of acquisition Cost, normal purchase price Full call number Barcode Copy number Cost, replacement price Koha item type
      Non-fiction Central Library Central Library 15/07/2021 DBAD/PUB 850.00 346.42015 SAX EN-113092 1 850.00 English Books

© Delhi Public Library
Hit Counter
free hit counter